000 00889nas a2200301 4500
001 BR0503973
003 BR-BrBNA
005 20231205105520.0
007 ta
008 230509b bl.|||p| |||| 00| 00por d
040 _aBR-BrBNA
_bpor
_cBiblioteca Nacional de Agricultura
041 _a(Pt)
072 _aK10
100 1 _aNascimento, A.R.T.
100 1 _aScariot, A.
100 1 _aSilva, J.A. da
100 1 _aSevilha, A.C.
245 1 _aEstimativas de área basal e uso do relascópio de bitterlich em amostragem de Floresta Estacional Decidual
650 _aFLORESTA
650 _aINVENTÁRIO FLORESTAL
650 _aÁREA BASAL
650 _aBIOTA
650 _aCERRADO
650 _aGOIÁS
773 0 _tCiência Florestal (Brazil)
_xISSN 0103-9954
_g(Dec 2004), v. 14(2) p. 169-176
_wBR0503973
909 _a202311
_bLúcia
_c55
_dLúcia Elande
942 _2AGRIS
_n0
_cANA
999 _c183355
_d183355